• 首页
  • 本馆介绍
  • 公告通知
  • 最新文献
  • 馆藏检索
  • 电子资源
  • 读者导购
  • 参考咨询
  • 我的图书馆
  • 登录
  • 详细信息显示
  • 放入我的书架
  • 预约/预借图书
  • 作者相关作品
  • 分类相关作品
  • 丛书相关作品
  • 出版社相关作品

书目信息

  • 表格格式
  • 工作单格式
  • 卡片格式
题名:
基督山恩仇记 下
    
 
作者: 大仲马 著
分册:  
出版信息: 广州   花城出版社  1993.02
页数: 1941页
开本: 19cm
丛书名:
单 册:
中图分类: I565.4 , I565.4
科图分类:
主题词: 文学 , 文学
电子资源:
ISBN: 7-5360-1274-8
000 00583nam0 2200217 450
001 0755764131
005 20071219153050.38
010    @a7-5360-1274-8@dCNY16.50
100    @a20071219d1993 km y0chiy0120 ea
101 0  @achi
102    @aCN@b440000
200 1  @a基督山恩仇记 下@Aji du shan en chou ji xia@f(法)大仲马著@F(fa)da zhong ma zhu
210    @a广州@c花城出版社@d1993.02
215    @a1941页@d19cm
606 0  @a文学
606 0  @a文学
690    @aI565.4@v4
690    @aI565.4@v4
701  0 @a大仲马@Ada zhong ma@4著
801  0 @aCN@bPFT@c20071219
905    @aBZT@dI565.4@e1
    
    基督山恩仇记 下/(法)大仲马著.-广州:花城出版社,1993.02
    1941页;19cm
    
    
    ISBN 7-5360-1274-8:CNY16.50
    
●
相关链接 在五车中查询图书 在当当中查询图书 在豆瓣中查询图书


正题名:基督山恩仇记 下     索取号:I565.4/1         预约/预借

序号 登录号 条形码 馆藏地/架位号 状态 备注
1 7089   220001230   中心书库中库/打包BH0157/ [索取号:I565.4/1] 在馆    
2 7105   220001229   中心书库中库/打包BH0157/ [索取号:I565.4/1] 在馆    
山东省滨州职业学院图书馆 欢迎您!
大连网信软件有限公司© 版权所有